La fuerza de la verdad: seis años de La columna del Director, en revista Hoy
Guardat en:
| Autor principal: | |
|---|---|
| Format: | Llibre |
| Idioma: | espanyol |
| Publicat: |
Santiago
Araucaria
1983
|
| Matèries: | |
| Etiquetes: |
Afegir etiqueta
Sense etiquetes, Sigues el primer a etiquetar aquest registre!
|
MARC
| LEADER | 00000nam a2200000 a 4500 | ||
|---|---|---|---|
| 001 | UCL0079 | ||
| 003 | CL-VaPUC | ||
| 008 | 030612e19830000CL |||||||||||||||||spa|d | ||
| 082 | 0 | 4 | |a 070.4 |b FIL |2 21 |
| 100 | 0 | |a Filippi, Emilio |e author |9 476778 | |
| 245 | 1 | 3 | |a La fuerza de la verdad: seis años de La columna del Director, en revista Hoy |
| 300 | |a 333 p | ||
| 942 | |c BK | ||
| 945 | |d 20030612 00:00:00 |a cmena | ||
| 260 | |a Santiago |b Araucaria |c 1983 | ||
| 650 | 0 | |a Periodismo |9 310113 | |
| 650 | 0 | |a Ética periodística |9 257096 | |
| 650 | 7 | |a REDACCION DE ARTICULOS |2 CL-VaPUC |9 476779 | |
| 583 | |a last modification |c 20030612 00:00:00 |k Rodrigo Vera | ||
| 999 | |c 304107 |d 304105 | ||
| 952 | |0 0 |1 0 |4 0 |6 070_400000000000000_FIL_1983 |7 0 |8 A |9 365898 |a BIBDER |b BIBDER |d 2019-11-21 |i 3908682 |o 070.4 FIL 1983 |p 3908682 |r 2023-01-25 |w 2019-11-21 |y BK |k DER | ||